| 000 | 00662pam a2200241 a 4500 | ||
|---|---|---|---|
| 001 | 2437290 | ||
| 005 | 20180221083623.0 | ||
| 008 | 880520s1988 dcua b 001 0 eng | ||
| 010 | _a 88018891 | ||
| 020 |
_a0871874571 : _c$10.95 |
||
| 040 |
_aDLC _cDLC _dDLC |
||
| 041 | _aeng | ||
| 043 | _an-us--- | ||
| 080 | _a338.1873 RAP | ||
| 082 | 0 | 0 |
_a338.1873 RAP _219 |
| 100 | 1 | _a9 | |
| 101 | _aMJE | ||
| 245 | 1 | 0 |
_aHow the U.S. got into agriculture : _cDavid Rapp. |
| 504 | _aBibliography: p. 189-190. | ||
| 740 | 0 | _aHow the US got into agriculture. | |
| 906 |
_a7 _bcbc _corignew _d1 _eocip _f19 _gy-gencatlg |
||
| 942 |
_2ddc _cBK |
||
| 999 |
_c43068 _d43068 |
||